LEADER 00824nam a2200229 i 4500 001 991003281519707536 008 160920s1985 it a 000 0 ita d 035 $ab14308393-39ule_inst 040 $aBibl. Dip.le Aggr. DiSTeBA - Sez. Biologia$beng 082 0 $a660$222 100 1 $aMariani, Eugenio$01310 245 10$aLezioni di chimica applicata /$cEugenio Mariani 250 $aed. aggiornata 260 $aRoma :$bSiderea,$c1985 300 $a636 p. ;$c24 cm 650 0$aTechnical chemistry 907 $a.b14308393$b25-10-16$c20-09-16 912 $a991003281519707536 945 $aLE003 660 MAR01.01 (1984)$g1$i2003000071405$lle003$og$pE40.00$q-$rs$s- $t0$u0$v0$w0$x0$y.i15785002$z25-10-16 996 $aLezioni di chimica applicata$9177141 997 $aUNISALENTO 998 $ale003$b20-09-16$cm$da $e $fita$git $h0$i0